Online
Catalog

Miscelanea historico-diplomatica, : (Record no. 11752)

MARC details
000 -CABECERA
campo de control de longitud fija 00806cam a22001811 4500
001 - NÚMERO DE CONTROL
campo de control 000012086
005 - FECHA Y HORA DE LA ÚLTIMA TRANSACCIÓN
campo de control 20200929162705.0
008 - DATOS DE LONGITUD FIJA--INFORMACIÓN GENERAL
campo de control de longitud fija 810317s1908 cl 000 0 spa
040 ## - FUENTE DE LA CATALOGACIÓN
Centro catalogador/agencia de origen DO-SdBNP
Lengua de catalogación spa
Centro/agencia transcriptor BNPHU
100 2# - ENTRADA PRINCIPAL--NOMBRE DE PERSONA
Nombre de persona Bascunan Montes, Aurelio.
9 (RLIN) 28544
245 10 - MENCIÓN DE TÍTULO
Título Miscelanea historico-diplomatica, :
Resto del título y sobre intercambios comerciales chilenos; exclavitud, contrabando de guerra, cabotaje reciprocidad comercial, plebiscitos, conferencia de La Haya, etc.; memorias del coronel de Vic-Tupper, 1821-1830.
260 ## - PUBLICACIÓN, DISTRIBUCIÓN, ETC.
Lugar de publicación, distribución, etc. Santiago de Chile, :
Nombre del editor, distribuidor, etc. Imprenta Cervantes,
Fecha de publicación, distribución, etc. 1908.
300 ## - DESCRIPCIÓN FÍSICA
Extensión 2 p.l., 193 p. ;
Dimensiones 26 cm.
651 #0 - PUNTO DE ACCESO ADICIONAL DE MATERIA--NOMBRE GEOGRÁFICO
Nombre geográfico Chile
Subdivisión general Politics And Government.
9 (RLIN) 4134
651 #0 - PUNTO DE ACCESO ADICIONAL DE MATERIA--NOMBRE GEOGRÁFICO
Nombre geográfico Chile
Subdivisión general Commerce.
9 (RLIN) 28545
650 #0 - PUNTO DE ACCESO ADICIONAL DE MATERIA--TÉRMINO DE MATERIA
Término de materia o nombre geográfico como elemento de entrada International relations.
9 (RLIN) 28546
600 10 - PUNTO DE ACCESO ADICIONAL DE MATERIA--NOMBRE DE PERSONA
Nombre de persona Tupper, William De Vic,
Fechas asociadas al nombre 1800-1830.
9 (RLIN) 28547
Holdings
Estado de retiro Estado de pérdida Restricciones de uso No para préstamo Código de colección Localización permanente Ubicación/localización actual Ubicación en estantería Fecha de adquisición Número de inventario Total de préstamos Signatura topográfica completa Código de barras Fecha visto por última vez Precio válido a partir de Tipo de ítem Koha
    Préstamo interno   Monografías: Libros y Folletos General General En catalogación 04.11.2009 LF1   12086-10 25.06.2020 25.06.2020 Préstamo interno

Powered by Koha